[Event "Tradewise Gibraltar Masters 16th"]
[Site "Gibraltar"]
[Date "2018.01.31"]
[Round "9.35"]
[White "Venkatesh, Marani Rajendran"]
[Black "Lagno, Kateryna"]
[Result "1/2-1/2"]
[WhiteElo "2445"]
[BlackElo "2556"]
[PlyCount "124"]
[EventDate "2018.01.23"]
[EventType "swiss"]
[EventRounds "10"]
[EventCountry "GGB"]
[SourceTitle "BritBase"]
[Source "www.saund.co.uk"]
[SourceDate "2018.02.10"]
[SourceVersion "1"]
[SourceVersionDate "2018.02.10"]
[SourceQuality "1"]

1. Nf3 Nf6 2. g3 g6 3. Bg2 Bg7 4. O-O O-O 5. d4 d6 6. a4 Nbd7 7. a5 e5 8. dxe5
dxe5 9. a6 e4 10. Ng5 Qe7 11. Nc3 Nc5 12. Be3 Nxa6 13. Ngxe4 Nxe4 14. Nxe4 Bf5
15. Qd5 c6 16. Qd6 Rae8 17. Qxe7 Rxe7 18. Nd6 Bxc2 19. Nxb7 Rxb7 20. Rxa6 Rxb2
21. Bxc6 Bb3 22. Bb5 Be6 23. Bd3 Bg4 24. Rxa7 Bxe2 25. Bxe2 Rxe2 26. Rc1 Rb2
27. Rcc7 Rb5 28. Rd7 h5 29. Kg2 Be5 30. h3 Bb8 31. Ra6 Be5 32. Bh6 Bg7 33. Rxg6
fxg6 34. Rxg7+ Kh8 35. Rxg6 Kh7 36. Rd6 Rf7 37. g4 hxg4 38. hxg4 Rb4 39. Kg3
Rb1 40. Kg2 Rb4 41. Kg3 Rb1 42. Bf4 Rg1+ 43. Kf3 Ra1 44. Rd4 Rg1 45. Rc4 Kg6
46. Rc6+ Kg7 47. Rc7 Rxc7 48. Bxc7 Kg6 49. Kf4 Rc1 50. Be5 Rc4+ 51. Kg3 Rc1 52.
f4 Rg1+ 53. Kf3 Rf1+ 54. Kg2 Rb1 55. Bd4 Rb4 56. Be3 Ra4 57. Kf3 Rb4 58. Bd2
Ra4 59. Kg3 Ra2 60. Be3 Ra3 61. Kf3 Ra4 62. Kg3 Ra3 1/2-1/2

[Event "Tradewise Gibraltar Masters 16th"]
[Site "Gibraltar"]
[Date "2018.01.31"]
[Round "9.36"]
[White "Kozak, Adam"]
[Black "Vasquez Schroeder, Rodrigo"]
[Result "1-0"]
[WhiteElo "2418"]
[BlackElo "2554"]
[PlyCount "119"]
[EventDate "2018.01.23"]
[EventType "swiss"]
[EventRounds "10"]
[EventCountry "GGB"]
[SourceTitle "BritBase"]
[Source "www.saund.co.uk"]
[SourceDate "2018.02.10"]
[SourceVersion "1"]
[SourceVersionDate "2018.02.10"]
[SourceQuality "1"]

1. Nf3 Nf6 2. c4 g6 3. Nc3 Bg7 4. e4 d6 5. d4 O-O 6. Be2 c5 7. O-O cxd4 8. Nxd4
Nc6 9. Be3 Nxd4 10. Bxd4 a5 11. Re1 Bd7 12. Bf1 Bc6 13. Nd5 Nd7 14. Bxg7 Kxg7
15. Qd2 Nc5 16. Re3 e5 17. Nc3 Qf6 18. Rd1 Rfd8 19. b3 h5 20. g3 h4 21. Bg2
hxg3 22. hxg3 Qe7 23. Kf1 Qc7 24. Kg1 Qe7 25. Kf1 Kf8 26. Kg1 Qg5 27. Qb2 Kg8
28. Qd2 Qe7 29. Qb2 Qc7 30. Qd2 Qb6 31. Ne2 Qc7 32. Nc3 Kg7 33. Kf1 Qb6 34. Ne2
Re8 35. Kg1 Rad8 36. Qb2 Re6 37. Nc3 Rh8 38. Rd2 Rf6 39. Rf3 Rxf3 40. Bxf3 Qd8
41. Qc1 Ne6 42. Bg2 Kf6 43. Qd1 Ke7 44. a3 Qc7 45. b4 b6 46. Rd3 axb4 47. axb4
Nd4 48. Rxd4 exd4 49. Qxd4 f6 50. Bf3 Kf7 51. Kg2 Kg7 52. Nd1 Bd7 53. Ne3 Be6
54. Kg1 Ra8 55. Bg4 Bf7 56. Bf3 Ra3 57. Qb2 Ra4 58. Bd1 Ra8 59. Qd4 Rh8 60. Bf3
1-0

[Event "Tradewise Gibraltar Masters 16th"]
[Site "Gibraltar"]
[Date "2018.01.31"]
[Round "9.37"]
[White "Pichot, Alan"]
[Black "Paehtz, Elisabeth"]
[Result "1-0"]
[WhiteElo "2552"]
[BlackElo "2464"]
[PlyCount "117"]
[EventDate "2018.01.23"]
[EventType "swiss"]
[EventRounds "10"]
[EventCountry "GGB"]
[SourceTitle "BritBase"]
[Source "www.saund.co.uk"]
[SourceDate "2018.02.10"]
[SourceVersion "1"]
[SourceVersionDate "2018.02.10"]
[SourceQuality "1"]

1. e4 e5 2. Nf3 Nc6 3. Bb5 a6 4. Ba4 Nf6 5. O-O Be7 6. Re1 b5 7. Bb3 d6 8. c3
O-O 9. h3 Nb8 10. d4 Nbd7 11. Nbd2 Bb7 12. Bc2 Re8 13. Nf1 Bf8 14. Ng3 g6 15.
Bg5 h6 16. Bd2 Bg7 17. a4 Nb6 18. b3 bxa4 19. bxa4 a5 20. Qc1 Kh7 21. Qb2 Ba6
22. dxe5 dxe5 23. Bb3 Bc4 24. Bxc4 Nxc4 25. Qa2 Nd6 26. c4 Qe7 27. c5 Nb7 28.
Be3 Nd8 29. Ne2 Nd7 30. Rac1 c6 31. Red1 Ne6 32. Qc2 Bf8 33. Rd6 Ndxc5 34. Rxc6
Qb7 35. Nxe5 f6 36. Rb1 Qg7 37. Ng4 h5 38. Bh6 Qf7 39. Bxf8 Rxf8 40. Ne3 Rac8
41. Rxc8 Rxc8 42. Nd5 f5 43. e5 Nd4 44. Nxd4 Qxd5 45. Nf3 Rc6 46. Rc1 Rc7 47.
Ng5+ Kh6 48. h4 Qxe5 49. Qd2 f4 50. Qd8 Qg7 51. Qa8 Ra7 52. Qb8 Rc7 53. Qb5 Nb7
54. Rxc7 Qxc7 55. Ne6 Qf7 56. Qe5 Qg8 57. Qxf4+ Kh7 58. Ng5+ Kh6 59. Qc7 1-0

[Event "Tradewise Gibraltar Masters 16th"]
[Site "Gibraltar"]
[Date "2018.01.31"]
[Round "9.38"]
[White "Moroni, Luca Jr"]
[Black "Cramling, Pia"]
[Result "0-1"]
[WhiteElo "2547"]
[BlackElo "2449"]
[PlyCount "94"]
[EventDate "2018.01.23"]
[EventType "swiss"]
[EventRounds "10"]
[EventCountry "GGB"]
[SourceTitle "BritBase"]
[Source "www.saund.co.uk"]
[SourceDate "2018.02.10"]
[SourceVersion "1"]
[SourceVersionDate "2018.02.10"]
[SourceQuality "1"]

1. d4 Nf6 2. c4 e6 3. g3 d5 4. Bg2 Bb4+ 5. Bd2 Bd6 6. Nc3 O-O 7. cxd5 exd5 8.
Nxd5 Nxd5 9. Bxd5 Be7 10. Be4 Qxd4 11. Qc2 h6 12. Nf3 Qb6 13. O-O Nd7 14. Rfc1
c6 15. Be3 Qc7 16. Nd4 Nf6 17. Bg2 Bd7 18. h3 a5 19. Rd1 Rfe8 20. Rac1 a4 21.
Bf4 Qc8 22. h4 Be6 23. a3 Bg4 24. Qc4 Bf8 25. Re1 Qd7 26. e4 b5 27. Qc3 c5 28.
Nc2 Rad8 29. Ne3 Nxe4 30. Qa5 Nf6 31. f3 Be6 32. Rcd1 Qc8 33. Qxb5 Bb3 34. Rxd8
Qxd8 35. Re2 Qd4 36. Kf1 c4 37. Qa5 c3 38. bxc3 Qd3 39. Kf2 Nd5 40. Bf1 Nxf4
41. gxf4 Qd6 42. Kg3 Qg6+ 43. Kf2 Qf6 44. Kg3 Qg6+ 45. Kf2 Qc6 46. Nf5 Bc5+ 47.
Nd4 Ra8 0-1

[Event "Tradewise Gibraltar Masters 16th"]
[Site "Gibraltar"]
[Date "2018.01.31"]
[Round "9.39"]
[White "Bakalchuk, Johnatan"]
[Black "Muzychuk, Mariya"]
[Result "1/2-1/2"]
[WhiteElo "2400"]
[BlackElo "2540"]
[PlyCount "110"]
[EventDate "2018.01.23"]
[EventType "swiss"]
[EventRounds "10"]
[EventCountry "GGB"]
[SourceTitle "BritBase"]
[Source "www.saund.co.uk"]
[SourceDate "2018.02.10"]
[SourceVersion "1"]
[SourceVersionDate "2018.02.10"]
[SourceQuality "1"]

1. e4 e5 2. Nf3 Nc6 3. d4 exd4 4. Nxd4 Bc5 5. Nb3 Bb6 6. Nc3 Nf6 7. Qe2 a5 8.
a4 O-O 9. Bg5 h6 10. Bh4 Nd4 11. Qd3 Nxb3 12. cxb3 c6 13. O-O-O d5 14. exd5
cxd5 15. Nxd5 Qxd5 16. Qxd5 Nxd5 17. Rxd5 Be6 18. Rb5 Bd8 19. Bxd8 Rc8+ 20. Bc4
Bxc4 21. bxc4 Rxc4+ 22. Kb1 Rxd8 23. Rc1 Rxa4 24. Rxb7 Rf4 25. f3 g5 26. Rbc7
Rdd4 27. R7c5 a4 28. Ka2 Kg7 29. b3 g4 30. bxa4 Rxa4+ 31. Kb3 gxf3 32. gxf3
Rab4+ 33. Kc3 Rb6 34. Rf1 Rbf6 35. Kd3 Rxf3+ 36. Rxf3 Rxf3+ 37. Ke4 Rf2 38. Rh5
Kg6 39. Rh3 Kg5 40. Rg3+ Kh4 41. Rg7 f5+ 42. Ke5 h5 43. Kf6 Rf3 44. Rg8 Kh3 45.
Rh8 h4 46. Kg5 Kxh2 47. Rxh4+ Kg3 48. Rh1 Rf2 49. Rg1+ Kh3 50. Rh1+ Kg2 51. Rc1
f4 52. Kg4 f3 53. Rc3 Rf1 54. Rb3 f2 55. Rg3+ Kh2 1/2-1/2

[Event "Tradewise Gibraltar Masters 16th"]
[Site "Gibraltar"]
[Date "2018.01.31"]
[Round "9.40"]
[White "Swapnil, S. Dhopade"]
[Black "De Haan, Eric"]
[Result "1-0"]
[WhiteElo "2533"]
[BlackElo "2304"]
[PlyCount "93"]
[EventDate "2018.01.23"]
[EventType "swiss"]
[EventRounds "10"]
[EventCountry "GGB"]
[SourceTitle "BritBase"]
[Source "www.saund.co.uk"]
[SourceDate "2018.02.10"]
[SourceVersion "1"]
[SourceVersionDate "2018.02.10"]
[SourceQuality "1"]

1. d4 Nf6 2. c4 c5 3. d5 b5 4. cxb5 a6 5. bxa6 g6 6. Nc3 Bg7 7. e4 O-O 8. Be2
Qa5 9. Bd2 Bxa6 10. e5 Ne8 11. Nf3 d6 12. exd6 exd6 13. O-O Bxe2 14. Qxe2 Qa6
15. Rfe1 Nd7 16. Bf4 Qxe2 17. Rxe2 Nb6 18. Rd1 Na4 19. Nxa4 Rxa4 20. Bg5 Nc7
21. b3 Ra6 22. a4 h6 23. Re7 Nxd5 24. Rxd5 hxg5 25. Nxg5 Rb6 26. g3 Rxb3 27.
Rxd6 c4 28. Rc6 c3 29. Kg2 Rbb8 30. Ne4 Rfc8 31. Rec7 Rxc7 32. Rxc7 Ra8 33. Rc4
c2 34. Rxc2 Rxa4 35. Rc8+ Bf8 36. Nf6+ Kg7 37. Ne8+ Kh6 38. Rc7 Re4 39. Nf6 Ra4
40. Rxf7 Bg7 41. h4 Ra6 42. g4 Bxf6 43. Rxf6 Rxf6 44. g5+ Kg7 45. gxf6+ Kxf6
46. Kf3 Kg7 47. Ke4 1-0

[Event "Tradewise Gibraltar Masters 16th"]
[Site "Gibraltar"]
[Date "2018.01.31"]
[Round "9.41"]
[White "Harikrishna, Pentala"]
[Black "Cawdery, Daniel"]
[Result "1-0"]
[WhiteElo "2745"]
[BlackElo "2446"]
[PlyCount "55"]
[EventDate "2018.01.23"]
[EventType "swiss"]
[EventRounds "10"]
[EventCountry "GGB"]
[SourceTitle "BritBase"]
[Source "www.saund.co.uk"]
[SourceDate "2018.02.10"]
[SourceVersion "1"]
[SourceVersionDate "2018.02.10"]
[SourceQuality "1"]

1. c4 e5 2. Nc3 Nf6 3. e3 Nc6 4. a3 d5 5. cxd5 Nxd5 6. Qc2 Be6 7. Nf3 a6 8. b4
Nxc3 9. dxc3 Be7 10. Bb2 Bf6 11. Rd1 Qe7 12. Be2 O-O 13. O-O g6 14. Nd2 Bg7 15.
Ne4 Rad8 16. Nc5 Bc8 17. Bf3 Rd6 18. c4 Nd8 19. Rxd6 cxd6 20. Na4 Ne6 21. Nb6
Ng5 22. Bd5 Ne6 23. Rd1 Qc7 24. Nxc8 Qxc8 25. h3 Rd8 26. Rd2 Bf6 27. Qe4 Ng5
28. Qg4 1-0

[Event "Tradewise Gibraltar Masters 16th"]
[Site "Gibraltar"]
[Date "2018.01.31"]
[Round "9.42"]
[White "Raja, Harshit"]
[Black "Banusz, Tamas"]
[Result "1/2-1/2"]
[WhiteElo "2427"]
[BlackElo "2641"]
[PlyCount "80"]
[EventDate "2018.01.23"]
[EventType "swiss"]
[EventRounds "10"]
[EventCountry "GGB"]
[SourceTitle "BritBase"]
[Source "www.saund.co.uk"]
[SourceDate "2018.02.10"]
[SourceVersion "1"]
[SourceVersionDate "2018.02.10"]
[SourceQuality "1"]

1. e4 e5 2. Nf3 Nc6 3. Bb5 a6 4. Ba4 d6 5. c3 g6 6. d4 Bd7 7. O-O Bg7 8. dxe5
Nxe5 9. Nxe5 dxe5 10. Be3 Nf6 11. f3 Qe7 12. Nd2 O-O-O 13. Bxd7+ Rxd7 14. Qe2
Nh5 15. g3 f5 16. exf5 gxf5 17. Rad1 Rhd8 18. Nb3 f4 19. Rxd7 Rxd7 20. Bc5 Qg5
21. g4 Nf6 22. Bf2 e4 23. Nc5 e3 24. Nxd7 exf2+ 25. Kg2 Nxd7 26. Qe8+ Qd8 27.
Qe6 Qf6 28. Qe8+ Qd8 29. Qe6 Be5 30. Rxf2 Qh8 31. Re2 Kd8 32. g5 Bd6 33. Qd5
Qg7 34. h4 Be5 35. Qe6 a5 36. Kf1 b6 37. h5 Qxg5 38. Rg2 Qe7 39. Rg8+ Nf8 40.
Rxf8+ Qxf8 1/2-1/2

[Event "Tradewise Gibraltar Masters 16th"]
[Site "Gibraltar"]
[Date "2018.01.31"]
[Round "9.43"]
[White "Georgiev, Kiril"]
[Black "Gaehwiler, Gabriel"]
[Result "1/2-1/2"]
[WhiteElo "2623"]
[BlackElo "2428"]
[PlyCount "304"]
[EventDate "2018.01.23"]
[EventType "swiss"]
[EventRounds "10"]
[EventCountry "GGB"]
[SourceTitle "BritBase"]
[Source "www.saund.co.uk"]
[SourceDate "2018.02.10"]
[SourceVersion "1"]
[SourceVersionDate "2018.02.10"]
[SourceQuality "1"]

1. d4 Nf6 2. Nf3 e6 3. c4 d5 4. Bg5 Be7 5. e3 O-O 6. Nc3 b6 7. Be2 Bb7 8. Bxf6
Bxf6 9. cxd5 exd5 10. b4 c5 11. bxc5 bxc5 12. Rb1 Qa5 13. Qd2 cxd4 14. Nxd4 Rc8
15. Rxb7 Qxc3 16. Qxc3 Rxc3 17. Kd2 Bxd4 18. exd4 Ra3 19. Rc1 Rxa2+ 20. Kd1 Na6
21. Rxa7 Nb4 22. Rxa2 Nxa2 23. Rc5 Kf8 24. Kd2 Ra4 25. Rxd5 Nb4 26. Rd7 Ra2+
27. Ke3 Nc2+ 28. Ke4 Nxd4 29. Bc4 Rxf2 30. Rxd4 Rxg2 31. Rd7 Rf2 32. Bd5 g6 33.
Ke3 Rf5 34. Bc4 Re5+ 35. Kd4 Rf5 36. Rc7 Kg7 37. Bd5 Rf1 38. Ra7 Kg8 39. Ke5
Kg7 40. Ra2 Rf5+ 41. Kd6 Rf6+ 42. Ke7 Rf5 43. Rd2 Re5+ 44. Kd6 Rf5 45. Re2 Kf8
46. Kc6 Rf1 47. Kd7 Rf5 48. Bc4 Rf4 49. Bd5 Rf5 50. Ba2 Rf1 51. Rd2 Rf3 52. Kd8
Rf1 53. Bb3 Rf3 54. Ba4 Rf4 55. Bc6 Rf1 56. Be4 Rf4 57. Re2 Rf6 58. Rd2 Rf4 59.
Bb7 Rf1 60. Kd7 Rf6 61. Re2 Rf1 62. Bd5 Rf5 63. Kc6 Rf6+ 64. Kc5 Rf4 65. Ra2
Rf1 66. Ra8+ Kg7 67. Ra7 Kf8 68. Rb7 Kg7 69. Kd6 Kf8 70. Rb3 Rf6+ 71. Kd7 Rf5
72. Rd3 Rf6 73. Rh3 Kg7 74. Re3 Kf8 75. Bb3 Rf4 76. Rd3 Rf6 77. h3 Rf2 78. Bd5
Rf6 79. Ra3 Rf5 80. Ba2 Rf2 81. Bd5 Rf5 82. Kd6 Rf6+ 83. Kc5 Rf4 84. Ra8+ Kg7
85. Ra7 Kf8 86. Rb7 Rf6 87. Kd4 Rf4+ 88. Ke3 Rf6 89. Rd7 Ke8 90. Ra7 Kf8 91.
Bc4 Rf5 92. Ke4 Kg7 93. Bd5 Kf8 94. Ra3 Kg7 95. Kd4 Rf4+ 96. Kc5 Rf6 97. Rb3
Kf8 98. Bc6 Rf5+ 99. Kd6 Rf6+ 100. Kd7 Rf2 101. Rd3 Rf6 102. Bd5 Rf5 103. Rd4
Kg7 104. Ke7 Re5+ 105. Kd6 Rf5 106. Rd3 Rf6+ 107. Kd7 Rf5 108. Bb3 Rf2 109. Kd8
Kf8 110. Bd5 Rf6 111. Kd7 Rf5 112. Bc6 Rf6 113. Rc3 Rf5 114. Kc7 Kg7 115. Kd8
Kf8 116. Rc4 Rf6 117. Bd7 Rf2 118. Rh4 Kg7 119. Re4 Kf8 120. Rd4 Rf1 121. h4 h5
122. Bb5 Rf5 123. Bc4 Rf3 124. Kd7 Rf6 125. Re4 Rf2 126. Bd5 Rf5 127. Kd6 Rf6+
128. Kc7 Rf5 129. Bc6 Rf2 130. Ra4 Kg7 131. Bd5 Rf5 132. Kd6 Rf6+ 133. Kc5 Kf8
134. Re4 Rf2 135. Rb4 Rf6 136. Ra4 Kg7 137. Bc6 Kf8 138. Kb6 Kg7 139. Kc7 Kf8
140. Re4 Rf2 141. Bd5 Rf5 142. Kd6 Rf6+ 143. Kd7 Rf5 144. Bc4 Rf2 145. Bd5 Rf5
146. Kc6 Rf6+ 147. Kc7 Rf5 148. Rd4 Rf6 149. Bc4 Rf2 150. Kd8 Rf6 151. Bb3 Rf3
152. Bc4 Rf2 1/2-1/2

[Event "Tradewise Gibraltar Masters 16th"]
[Site "Gibraltar"]
[Date "2018.01.31"]
[Round "9.44"]
[White "Sonis, Francesco"]
[Black "Papp, Gabor"]
[Result "1/2-1/2"]
[WhiteElo "2425"]
[BlackElo "2607"]
[PlyCount "116"]
[EventDate "2018.01.23"]
[EventType "swiss"]
[EventRounds "10"]
[EventCountry "GGB"]
[SourceTitle "BritBase"]
[Source "www.saund.co.uk"]
[SourceDate "2018.02.10"]
[SourceVersion "1"]
[SourceVersionDate "2018.02.10"]
[SourceQuality "1"]

1. Nf3 c5 2. c4 g6 3. d4 cxd4 4. Nxd4 Bg7 5. e4 Nc6 6. Be3 d6 7. Nc3 Qb6 8. Nb3
Bxc3+ 9. bxc3 Qc7 10. Be2 Nf6 11. f3 O-O 12. O-O b6 13. a4 Ne5 14. a5 Be6 15.
f4 Nxc4 16. Bd4 Nxe4 17. Qe1 d5 18. Bxc4 Qxc4 19. Nd2 Nxd2 20. Qxd2 Bf5 21.
axb6 axb6 22. Bxb6 Be4 23. h3 f6 24. Bd4 Rfc8 25. Qb2 Kf7 26. Rxa8 Rxa8 27. Ra1
Rc8 28. Ra7 Rc7 29. Ra8 Rb7 30. Qxb7 Qe2 31. Rf8+ Kxf8 32. Qc8+ Kf7 33. Qg4 Qd2
34. Qg3 Qd1+ 35. Kh2 h6 36. h4 Qe2 37. Qf2 Qh5 38. Be3 Ke6 39. Kg1 Kd7 40. Bd2
Kc6 41. Be1 g5 42. fxg5 hxg5 43. hxg5 Qxg5 44. Bd2 Qg6 45. Be3 e5 46. Qe2 Bd3
47. Qb2 Bb5 48. Qa2 Qd3 49. Qa8+ Kd7 50. Bc5 Qb1+ 51. Kh2 Bc4 52. Qf8 Qh7+ 53.
Kg1 Ke6 54. Qc8+ Qd7 55. Qxd7+ Kxd7 56. Kf2 Ke6 57. Ke3 f5 58. g3 e4 1/2-1/2

[Event "Tradewise Gibraltar Masters 16th"]
[Site "Gibraltar"]
[Date "2018.01.31"]
[Round "9.45"]
[White "Keymer, Vincent"]
[Black "Donchenko, Alexander"]
[Result "0-1"]
[WhiteElo "2408"]
[BlackElo "2580"]
[PlyCount "114"]
[EventDate "2018.01.23"]
[EventType "swiss"]
[EventRounds "10"]
[EventCountry "GGB"]
[SourceTitle "BritBase"]
[Source "www.saund.co.uk"]
[SourceDate "2018.02.10"]
[SourceVersion "1"]
[SourceVersionDate "2018.02.10"]
[SourceQuality "1"]

1. c4 e6 2. d4 Nf6 3. Nf3 d5 4. Nc3 Bb4 5. cxd5 exd5 6. Bg5 h6 7. Bh4 O-O 8. e3
Bf5 9. Qb3 Bxc3+ 10. bxc3 Nbd7 11. Be2 c5 12. O-O c4 13. Qxb7 Qb6 14. Qxb6 axb6
15. Nd2 Ra3 16. Nb1 Bxb1 17. Rfxb1 g5 18. Bg3 Ne4 19. Bf3 Nxc3 20. Bd6 Nxb1 21.
Rxb1 Ra5 22. Bb4 Rfa8 23. Bxa5 Rxa5 24. Kf1 Kf8 25. a4 Ke7 26. Bd1 Kd6 27. Ke2
Kc6 28. Kd2 b5 29. axb5+ Kb6 30. Bc2 Ra2 31. f3 Nf6 32. Rb4 Ka5 33. Rb1 Kb6 34.
Rb4 Ne8 35. Ra4 Rxa4 36. Bxa4 Nd6 37. g4 Ka5 38. Bc2 Kxb5 39. Bh7 Kb4 40. Kc2
c3 41. e4 Nc4 42. exd5 Ne3+ 43. Kc1 Nxd5 44. Bg8 Kc4 45. Bxf7 Kxd4 46. Bg6 Ne3
47. Be8 Nf1 48. h3 Ne3 49. Bc6 Ke5 50. Bb7 Kf4 51. Bc6 Kg3 52. Be4 Kxh3 53. Bc6
Kg3 54. Be4 Kf4 55. Ba8 Nc4 56. Kc2 Ne5 57. Kxc3 Nxf3 0-1

[Event "Tradewise Gibraltar Masters 16th"]
[Site "Gibraltar"]
[Date "2018.01.31"]
[Round "9.46"]
[White "Erenberg, Ariel"]
[Black "Huzman, Alexander"]
[Result "0-1"]
[WhiteElo "2382"]
[BlackElo "2561"]
[PlyCount "84"]
[EventDate "2018.01.23"]
[EventType "swiss"]
[EventRounds "10"]
[EventCountry "GGB"]
[SourceTitle "BritBase"]
[Source "www.saund.co.uk"]
[SourceDate "2018.02.10"]
[SourceVersion "1"]
[SourceVersionDate "2018.02.10"]
[SourceQuality "1"]

1. d4 Nf6 2. c4 e6 3. Nf3 d5 4. Nc3 c6 5. Bg5 h6 6. Bxf6 Qxf6 7. e3 g6 8. Be2
Bg7 9. O-O O-O 10. Ne5 Qe7 11. f4 Nd7 12. Qb3 dxc4 13. Nxc4 Rd8 14. Bf3 Nf6 15.
Rfe1 Qc7 16. Rac1 Bd7 17. Kh1 Be8 18. a4 Rab8 19. Ne5 Qa5 20. Nc4 Qc7 21. Ne5
Qe7 22. g3 Rdc8 23. e4 Nd7 24. Red1 Nxe5 25. dxe5 Rd8 26. Kg2 Bf8 27. Ne2 Qb4
28. Qxb4 Bxb4 29. Nc3 Rxd1 30. Rxd1 c5 31. Rd3 a6 32. h4 Rc8 33. Bd1 c4 34. Rd2
Kf8 35. g4 g5 36. hxg5 hxg5 37. Kf3 gxf4 38. Kxf4 Ba5 39. g5 Rc5 40. Bg4 Ke7
41. g6 fxg6 42. Rd6 g5+ 0-1

[Event "Tradewise Gibraltar Masters 16th"]
[Site "Gibraltar"]
[Date "2018.01.31"]
[Round "9.47"]
[White "Baron, Tal"]
[Black "Melia, Salome"]
[Result "1/2-1/2"]
[WhiteElo "2548"]
[BlackElo "2404"]
[PlyCount "48"]
[EventDate "2018.01.23"]
[EventType "swiss"]
[EventRounds "10"]
[EventCountry "GGB"]
[SourceTitle "BritBase"]
[Source "www.saund.co.uk"]
[SourceDate "2018.02.10"]
[SourceVersion "1"]
[SourceVersionDate "2018.02.10"]
[SourceQuality "1"]

1. d4 Nf6 2. c4 e6 3. Nc3 c5 4. d5 exd5 5. cxd5 d6 6. Nf3 g6 7. Nd2 Bg7 8. e4
O-O 9. Be2 Re8 10. O-O Na6 11. Re1 Nc7 12. f3 Nh5 13. Nf1 a6 14. a4 Bd7 15. g4
Bd4+ 16. Kh1 Ng7 17. Bf4 Bf2 18. Kg2 Qf6 19. Qd2 Bxe1 20. Rxe1 b5 21. Bg5 Qe5
22. Bf4 Qf6 23. Bg5 Qe5 24. Bf4 Qf6 1/2-1/2

[Event "Tradewise Gibraltar Masters 16th"]
[Site "Gibraltar"]
[Date "2018.01.31"]
[Round "9.48"]
[White "Lalith, Babu M R"]
[Black "Hoolt, Sarah"]
[Result "1-0"]
[WhiteElo "2542"]
[BlackElo "2400"]
[PlyCount "71"]
[EventDate "2018.01.23"]
[EventType "swiss"]
[EventRounds "10"]
[EventCountry "GGB"]
[SourceTitle "BritBase"]
[Source "www.saund.co.uk"]
[SourceDate "2018.02.10"]
[SourceVersion "1"]
[SourceVersionDate "2018.02.10"]
[SourceQuality "1"]

1. Nf3 Nf6 2. c4 c5 3. Nc3 d5 4. cxd5 Nxd5 5. e3 e6 6. Nxd5 exd5 7. b4 cxb4 8.
Bb2 Nc6 9. Nd4 a6 10. Rc1 Nxd4 11. Bxd4 Qg5 12. h4 Qg4 13. Be2 Qxg2 14. Bf3 Qg6
15. Bxd5 Bd6 16. Qf3 Bg4 17. Bxf7+ Qxf7 18. Qxg4 O-O 19. Rg1 g6 20. Rg2 Rae8
21. h5 Re6 22. hxg6 Rxg6 23. Qh3 Qf5 24. Rxg6+ Qxg6 25. Qh1 Rf5 26. Rc8+ Bf8
27. Ke2 Qg4+ 28. f3 Qg6 29. e4 Rh5 30. Qb1 Qg2+ 31. Bf2 Rc5 32. Qb3+ Kg7 33.
Qxb4 Rxc8 34. Qxb7+ Kg8 35. Qxc8 Qg6 36. Qg4 1-0

[Event "Tradewise Gibraltar Masters 16th"]
[Site "Gibraltar"]
[Date "2018.01.31"]
[Round "9.49"]
[White "Hemant, Sharma (Del)"]
[Black "Dvirnyy, Danyyil"]
[Result "1/2-1/2"]
[WhiteElo "2348"]
[BlackElo "2534"]
[PlyCount "111"]
[EventDate "2018.01.23"]
[EventType "swiss"]
[EventRounds "10"]
[EventCountry "GGB"]
[SourceTitle "BritBase"]
[Source "www.saund.co.uk"]
[SourceDate "2018.02.10"]
[SourceVersion "1"]
[SourceVersionDate "2018.02.10"]
[SourceQuality "1"]

1. c4 e5 2. g3 Nf6 3. Bg2 c6 4. Nf3 e4 5. Nd4 d5 6. cxd5 Qxd5 7. Nc2 Qe5 8. Nc3
Bf5 9. Ne3 Bg6 10. b3 Na6 11. Bb2 Rd8 12. Qb1 Qe6 13. h4 h5 14. Bh3 Ng4 15. Bg2
Bb4 16. a3 Nxe3 17. dxe3 Bxc3+ 18. Bxc3 O-O 19. Qb2 f6 20. O-O Rd5 21. b4 b6
22. Rfd1 Rfd8 23. Rd4 Nc7 24. a4 Kh7 25. Qc2 Rxd4 26. Bxd4 Nd5 27. Qc4 Qd6 28.
a5 Rb8 29. axb6 axb6 30. b5 c5 31. Bb2 Re8 32. Ra7 Nc7 33. Kh2 Re7 34. Ba3 Qd5
35. Qc2 Rd7 36. Qa4 Nxb5 37. Rb7 Rc7 38. Rxc7 Qd6 39. Rd7 Qxd7 40. Bxe4 Bxe4
41. Qxe4+ f5 42. Qa4 c4 43. Bb2 Qd5 44. Qa1 Qd7 45. Be5 Kg6 46. g4 hxg4 47. Qa8
c3 48. Qg8 c2 49. h5+ Kg5 50. Bxg7 c1=Q 51. Be5+ Kxh5 52. Qh8+ Kg6 53. Qf6+ Kh7
54. Qh8+ Kg6 55. Qf6+ Kh7 56. Qh8+ 1/2-1/2

[Event "Tradewise Gibraltar Masters 16th"]
[Site "Gibraltar"]
[Date "2018.01.31"]
[Round "9.50"]
[White "Paramzina, Anastasya"]
[Black "Kollars, Dmitrij"]
[Result "0-1"]
[WhiteElo "2225"]
[BlackElo "2505"]
[PlyCount "48"]
[EventDate "2018.01.23"]
[EventType "swiss"]
[EventRounds "10"]
[EventCountry "GGB"]
[SourceTitle "BritBase"]
[Source "www.saund.co.uk"]
[SourceDate "2018.02.10"]
[SourceVersion "1"]
[SourceVersionDate "2018.02.10"]
[SourceQuality "1"]

1. e4 c5 2. Nf3 Nc6 3. d4 cxd4 4. Nxd4 e6 5. Nc3 Qc7 6. a3 a6 7. Be3 b5 8. Nxc6
Qxc6 9. Qd4 Bb7 10. O-O-O Rc8 11. Bd3 Nf6 12. e5 Nd5 13. Be4 Bxa3 14. Nxd5 exd5
15. Bd3 Bc5 16. Qf4 b4 17. Bxc5 Qxc5 18. Qg4 g6 19. Qf4 b3 20. c3 d4 21. Bxg6
hxg6 22. Rxd4 Bxg2 23. Rhd1 Bh3 24. Qf6 Rh5 0-1

[Event "Tradewise Gibraltar Masters 16th"]
[Site "Gibraltar"]
[Date "2018.01.31"]
[Round "9.51"]
[White "Goryachkina, Aleksandra"]
[Black "Haria, Ravi"]
[Result "1/2-1/2"]
[WhiteElo "2493"]
[BlackElo "2374"]
[PlyCount "104"]
[EventDate "2018.01.23"]
[EventType "swiss"]
[EventRounds "10"]
[EventCountry "GGB"]
[SourceTitle "BritBase"]
[Source "www.saund.co.uk"]
[SourceDate "2018.02.10"]
[SourceVersion "1"]
[SourceVersionDate "2018.02.10"]
[SourceQuality "1"]

1. d4 e6 2. c4 d5 3. Nc3 Bb4 4. a3 Bxc3+ 5. bxc3 Nf6 6. e3 c6 7. cxd5 cxd5 8.
c4 O-O 9. cxd5 Qxd5 10. Nf3 b6 11. Bd2 Ba6 12. Bxa6 Nxa6 13. Qe2 Nb8 14. O-O
Nc6 15. Rfb1 Rac8 16. a4 Ne4 17. Rb5 Qd7 18. Be1 f5 19. h3 Ne7 20. Ne5 Qc7 21.
a5 Nd5 22. Rb3 Qc2 23. Qxc2 Rxc2 24. axb6 axb6 25. Nd7 Rfc8 26. Nxb6 Rc1 27.
Rbb1 Rxe1+ 28. Rxe1 Nxb6 29. Ra6 Nd7 30. Rxe6 Kf7 31. Ra6 Rc2 32. Ra7 Ke6 33.
f3 Nef6 34. e4 fxe4 35. fxe4 Rc4 36. Ra6+ Ke7 37. d5 Rd4 38. e5 Nxd5 39. e6
N7f6 40. Ra7+ Kd6 41. Rxg7 Re4 42. Rxe4 Nxe4 43. Rxh7 Kxe6 44. Ra7 Ne3 45. Ra8
Kf5 46. Rf8+ Kg5 47. Kh2 Nf5 48. Rg8+ Kf4 49. Rg4+ Ke5 50. h4 Ne3 51. Rg8 Kf4
52. Rf8+ Kg4 1/2-1/2

[Event "Tradewise Gibraltar Masters 16th"]
[Site "Gibraltar"]
[Date "2018.01.31"]
[Round "9.52"]
[White "Christiansen, Johan-Sebastian"]
[Black "Prithu, Gupta"]
[Result "0-1"]
[WhiteElo "2492"]
[BlackElo "2373"]
[PlyCount "82"]
[EventDate "2018.01.23"]
[EventType "swiss"]
[EventRounds "10"]
[EventCountry "GGB"]
[SourceTitle "BritBase"]
[Source "www.saund.co.uk"]
[SourceDate "2018.02.10"]
[SourceVersion "1"]
[SourceVersionDate "2018.02.10"]
[SourceQuality "1"]

1. e4 c6 2. Nf3 d5 3. Nc3 Nf6 4. e5 Ne4 5. Nb1 Qb6 6. d4 e6 7. Bd3 c5 8. c3 Nc6
9. O-O Bd7 10. dxc5 Bxc5 11. Qe2 f5 12. exf6 Nxf6 13. b4 Bd6 14. b5 Ne7 15. Ne5
Bxe5 16. Qxe5 Bxb5 17. Be3 Qa6 18. Bxb5+ Qxb5 19. Qxe6 Qd7 20. Qxd7+ Kxd7 21.
Nd2 Nf5 22. Bg5 Rac8 23. Rfb1 b6 24. a4 Rxc3 25. a5 Kc6 26. axb6 axb6 27. Nf3
Ne4 28. Bf4 Kb7 29. Ra2 Rxf3 30. gxf3 Nc3 31. Rab2 Nxb1 32. Rxb1 g5 33. Bd2 Nh4
34. Ba5 Ka6 35. Rxb6+ Kxa5 36. Rd6 d4 37. Kf1 Nxf3 38. Kg2 g4 39. h3 h5 40. Kg3
h4+ 41. Kxg4 Rf8 0-1